000 00482nam a2200193Ia 4500
005 20250423094533.0
008 250422s9999 xx 000 0 und d
020 _a9780443100826
050 _aRC 582 .P31/
100 _aPeakman, Mark
245 0 _aBasic and clinical immunology
250 _a2nd ed.
260 _aNew York
260 _bChurchill Livingstone
260 _c2009
300 _a365 p
650 _a Clinical immunology. Immunology.
942 _cBK
999 _c27535
_d27535